Le théâtre à Paris au XVIIIe siècle (Record no. 187513)

MARC details
000 -LEADER
campo de control de longitud fija 01242nam a2200217 i 4500
001 - NÚMERO DE CONTROL
campo de control 187513
003 - IDENTIFICADOR DE NÚMERO DE CONTROL
campo de control ES-MaACL
005 - FECHA Y HORA DE LA ÚLTIMA TRANSACCIÓN
campo de control 20251013213750.0
008 - DATOS DE LONGITUD FIJA--INFORMACIÓN GENERAL
campo de control de longitud fija 171020s1930 fr |||| | fre d
245 03 - MENCIÓN DEL TÍTULO
Título Le théâtre à Paris au XVIIIe siècle
Resto del título : conférences du Musée Carnavalet (1929) ... /
Mención de responsabilidad, etc. avertissement, par Jean Robiquet.
260 ## - PUBLICACIÓN, DISTRIBUCIÓN, ETC.
Lugar de publicación, distribución, etc. Paris :
Nombre del editor, distribuidor, etc. Payot,
Fecha de publicación, distribución, etc. 1930.
300 ## - DESCRIPCIÓN FÍSICA
Extensión 237 p., 8 h. de lám. :
Otras características físicas il. ;
Dimensiones 23 cm.
490 1# - MENCIÓN DE SERIE
Mención de serie Conférences du Musée Carnavalet
505 8# - NOTA DE CONTENIDO CON FORMATO
Nota de contenido con formato Contiene: Le théâtre d'amour / par Maurice Donnay -- Le théâtre satirique / par Émile Henriot -- Le théâtre de la foire / par Fortunat Strowski -- La musique au théâtre / par Adolphe Boschot -- Comment on jouait la comédie / par Henry Bidou -- Les demoiselles de comédie / par Paul Reboux -- Le métier d'auteur dramatique / par A.-E. Sorel -- Les grandes figures du théâtre / par Denis d'Inès -- La comédie italienne et ses peintres / par Camille Mauclair
650 04 - PUNTO DE ACCESO ADICIONAL DE MATERIA--TÉRMINO DE MATERIA
Término de materia o nombre geográfico como elemento de entrada Teatro-
Subdivisión geográfica Francia-
Subdivisión cronológica S.XVIII
9 (RLIN) 17309
700 1# - ENTRADA AGREGADA--NOMBRE PERSONAL
Nombre de persona Robiquet, Jean,
Fechas asociadas al nombre 1874-1960
9 (RLIN) 163738
710 2# - ENTRADA AGREGADA--NOMBRE DE ENTIDAD CORPORATIVA
Nombre de entidad corporativa o nombre de jurisdicción como elemento de entrada Musée Carnavalet (Paris)
9 (RLIN) 163734
830 0# - PUNTO DE ACCESO ADICIONAL DE SERIE-TÍTULO UNIFORME
Título uniforme Conférences du Musée Carnavalet
9 (RLIN) 192790
852 ## - LOCALIZACIÓN
Ubicación ES-MaACL
Número de control de estantería A-2815
Holdings
Estatus retirado Estado de pérdida Estado de daño No para préstamo Biblioteca de origen Biblioteca actual Ubicación en estantería Fecha de adquisición Fuente de adquisición Total de préstamos Signatura topográfica completa Código de barras Visto por última vez Precio de reemplazo Tipo de ítem Koha
        Biblioteca del Ateneo de Madrid Biblioteca del Ateneo de Madrid Sala Pecera Planta 1 20/10/2017     A-2815 1198036 23/02/2023 23/02/2023 Libro impreso